Statistics for Birthplaces of UK Prime Ministers

Click here to take the quiz!

General Stats

  • This quiz has been taken 60 times
  • The average score is 8 of 20

Answer Stats

NameAnswer% Correct
Harold MacmillanLondon
96%
Clement AttleeLondon
96%
John MajorLondon
96%
Alec Douglas-HomeLondon
96%
David CameronLondon
96%
Tony BlairEdinburgh
86%
David Lloyd GeorgeManchester
77%
Neville ChamberlainBirmingham
65%
James CallaghanPortsmouth
33%
Margaret ThatcherGrantham
28%
Harold WilsonHuddersfield
11%
Winston ChurchillBlenheim
7%
Stanley BaldwinBewdley
4%
Theresa MayEastbourne
4%
Gordon BrownGiffnock
2%
Ramsay MacDonaldLossiemouth
2%
Herbert AsquithMorley
2%
Andrew Bonar LawRexton
2%
Edward HeathBroadstairs
0%
Anthony EdenCounty Durham
0%

Score Distribution

Percentile by Number Answered

Percent of People with Each Score

Your Score History

You have not taken this quiz